| 000 | 00546cam a2200193 4500 | ||
|---|---|---|---|
| 001 | 42840 | ||
| 090 | _a42840 | ||
| 100 | _a19920903d1969 k y0pory5003 ba | ||
| 101 | 1 | _apor | |
| 102 | _aBR | ||
| 200 | 1 |
_aO novo catecismo _ea fé para adultos _fred. Instituto Catequético Superior de Nijmegen |
|
| 210 |
_aSäo Paulo _cHerder, _d1969 |
||
| 215 |
_aXXI, 611 p. _d21 cm |
||
| 300 | _aCom anota—cões manuscritas | ||
| 675 | _a27-28 | ||
| 675 |
_a238 _vBN _zpor |
||
| 712 | 0 | 2 | _aInstituto Catequético Superior de Nijmejen |
| 801 | 0 |
_aPT _bBN _gRPC |
|
| 990 | _cLIVROS | ||